000 00744nam a22002297a 4500
003 UA-OsUOA
001 121908
007 ta
008 20170404b un ||||| |||| 00| 0 ukr d
090 _a821.161.2
_bП81
942 _cBK
040 _aUA-OsUOA
_bukr
_cUA-OsUOA
_dUA-OsUOA
245 _aПрометей
_bзбірник: поеми про подвиг радянського народу у Великій Вітчизняній війні
_cупоряд. Б. П. Степанюк
300 _a271 с.
955 _a3
041 _aukr
080 _a821.161.2
591 _aДімаров А.
260 _aК.
_bДніпро
_c1985
650 7 _a82 Література. Літературознавство
_2UDC
999 _c408137
_d408137